Word Ladder: Super Smash Bros. II Quiz Stats

 Plays Quiz Updated Nov 18, 2017

Score 0/39 Timer 05:00
1 Play Today
Clue 3-Letter Word % Correct
MLB's Boston Red ___SOX
95.1%
Bean used for tofuSOY
90.6%
Thin beam of lightRAY
89.4%
•SSB character, swordsman in Fire Emblem: The Binding Blade••ROY•
89%
Poet 'Edgar Allan ___'POE
88.9%
Cow soundMOO
85.8%
Fruit baked in a crustPIE
85.5%
An angry crowdMOB
85.4%
A stick for washing floorsMOP
85.4%
A geographical drawingMAP
84.5%
Piece of torn or waste clothRAG
84.4%
Abbreviation for sixty secondsMIN
83.7%
Plush floor coveringRUG
82.9%
AlsoTOO
81.8%
Three Stooges actor, '___ Howard'MOE
81.7%
Playing card with one spotACE
81%
Cooking containerPAN
79.9%
SSB character, with [Rung 32], circular yellow guy•MAN•
79.4%
•SSB character, robotic accessory for the NES••R.O.B.•
78.1%
A bar or tavernPUB
77.1%
Clue 3-Letter Word % Correct
An affirmative voteAYE
76%
Polish a surfaceRUB
75.6%
To regretRUE
75.2%
Widely cultivated cereal grassRYE
75%
•SSB character, Kid Icarus angel with a sacred bow••PIT•
75%
•SSB character, expert vulpine pilot; ___ McCloud••FOX•
73.8%
To move or placePUT
71.8%
A way to lose a boxing matchTKO
67.8%
Ability to make clever remarksWIT
67.1%
•SSB character, boxing champion with a short stature; Little ___•MAC•
60.1%
•SSB character(s), a parka-wearing duo with mallets; ___ Climbers••ICE•
59.9%
•SSB character, with [Rung 34], circular yellow guy••PAC•
59.8%
•SSB character, martial artist from Street Fighter••RYU•
51.9%
•SSB character, swordsman in Fire Emblem: Path of Radiance••IKE•
50.9%
•SSB character, personal avatar for Nintendo games••MII•
50%
•SSB character, athletic instructor; [Rung 37] [Rung 39] Trainer••WII•
49.2%
•SSB character, athletic instructor; [Rung 37] [Rung 39] Trainer••FIT•
45.6%
When doubled, a Dixie Cups song for Mardi GrasIKO
42.1%
Sweetfish species in East AsiaAYU
40.1%

Today's Daily Dose

Missing Word
Arizona A-Z

Word Ladder
Greek Letters II

Get the Picture
US National Parks

You're not logged in!

Compare scores with friends on all Sporcle quizzes.
OR
Log In

You Might Also Like...

Show Comments

Extras

Top Quizzes Today


Score Distribution

Your Account Isn't Verified!

In order to create a playlist on Sporcle, you need to verify the email address you used during registration. Go to your Sporcle Settings to finish the process.

Report this User

Report this user for behavior that violates our Community Guidelines.

Details: